00357nam a2200157Ia 45000010006000000050017000060080041000230410008000640820020000721000031000922450044001232600009001673000007001766500008001836540008001911478020260306164939.0260306t2007||||xx |||||||||||||| ||spa|| aESP a519.2bM88 2007 aMoya Calderon, RufinoeAUT 0aProbabilidad e inferencia estadística c2007 ac aGEN aCMA